| 000 | 00374nam a22001337a 4500 | ||
|---|---|---|---|
| 082 |
_aCP36 _bCE-101 |
||
| 100 |
_aMaj Syed Mohsin Ali _950911 |
||
| 245 |
_aEngineering Mechanics (EM) _cMaj Syed Mohsin Ali |
||
| 250 | _aFall-2015 | ||
| 260 |
_aRisalpur _bMCE _cFall-2015 |
||
| 500 | _aCED-85, Section C,D | ||
| 526 |
_a0 _b0 _c0 _dCP_000000000000000_36_CE101 |
||
| 942 |
_2ddc _cBKB |
||
| 999 |
_c553662 _d553662 |
||